000 00580nam a2200229Ia 4500
003 OSt
005 20220918223041.0
006 a|||||r|||| 00| 0
007 ta
008 220917b |||||||| |||| 00| 0 eng d
024 _a219,920
037 _cTextual
040 _aARTS
_cARTS
_beng
041 _2eng
_aeng
082 _aY:1, P3
100 _aEagleton Terry
245 0 _aAfter Theory.
260 _aEngland
_bAllen Lane an imprint of Penguin Books
_c2003
300 _a225p.
_ccm.
942 _hY:1, P3
_cTEXL
_2CC
999 _c277222
_d277222